Games Released in 1993 - Statistics

General Stats
  • This quiz has been taken 2 times
  • The average score is 14 of 29
Answer Stats
Answers % Correct
Kirby's Adventure
100%
SimCity 2000
100%
Aero the Acro-Bat
50%
Day of the Tentacle
50%
Daytona USA
50%
Doom
50%
Gunstar Heroes
50%
Mega Man 6
50%
Mega Man X
50%
Mighty Final Fight
50%
Mortal Kombat II
50%
Myst
50%
Phantasy Star IV
50%
Ranger X
50%
Ridge Racer
50%
Samurai Shodown
50%
Secret of Mana
50%
Shining Force II
50%
Shinobi III
50%
Sonic CD
50%
Star Fox
50%
Strike Commander
50%
Super Mario All-Stars
50%
The Legend of Zelda Link's Awakening
50%
Virtua Fighter
50%
Zombies Ate My Neighbors
50%
NBA Jam
0%
Rocket Knight Adventures
0%
Sam and Max Hit the Road
0%
No matching quizzes found
Score Distribution
Percent of People with Each Score
Percentile by Number Answered
Your Score History
You have not taken this quiz